000 00712nam a2200229 a 4500
001 8235
003 CO-ViMGA
008 141112s2004 ck r 000 u spa d
020 _a9582003049
040 _aCO-ViMGA
_bspa
_cCO-ViMGA
082 0 4 _a324.6 R65p
100 1 _aRomero, Nelson
_98048
245 1 0 _aPedagogia de la Participacion Ciudadana /
_cRomero Nelson
260 _aBogotá,
_cMagisterio,
_c1996
300 _a119 p.
490 _aColeccion Aula Abierta
590 _aForma de adquisición : donacion - - Proveedor : Biblioteca Luis Ángel Arango
650 1 4 _aelecciones
_96233
650 1 4 _aPlebiscito - libros de texto
_98049
650 1 4 _aSufragio - libros de texto
_98050
942 _2ddc
_cBK
999 _c20045
_d20045